Belgium World Cup Squad 2018 - Statistics

General Stats
  • This quiz has been taken 4,473 times
    3,715 since last reset
  • The average score is 15 of 24
Answer Stats
Position Player % Correct
FW Romelu Lukaku
97%
𝐌𝐅 Eden Hazard
96%
GK Thibaut Courtois
96%
MF Kevin de Bruyne
95%
DF Jan Vertonghen
87%
DF Toby Alderweireld
78%
MF Axel Witsel
74%
GK Simon Mignolet
72%
Manager Roberto Martinez
70%
DF Vincent Kompany
69%
DF Thomas Meunier
67%
MF Marouane Fellaini
66%
FW Dries Mertens
64%
MF Thorgan Hazard
59%
MF Nacer Chadli
56%
FW Michy Batshuayi
55%
MF Youri Tielemans
54%
MF Yannick Carrasco
53%
GK Koen Casteels
50%
DF Thomas Vermaelen
47%
MF Mousa Dembélé
41%
MF Adnan Januzaj
35%
DF Dedryk Boyata
33%
MF Leander Dendoncker
27%
No matching quizzes found
Score Distribution
Percent of People with Each Score
Percentile by Number Answered
Your Score History
You have not taken this quiz since the last reset